Missing Word: Die Hard Cast Quiz Stats

 Plays Quiz Updated Jul 19, 2017

Support Sporcle.
Go Orange.
Score 0/24 Timer 04:00
0 Plays Today
Hint Answer % Correct
Bruce Willis (John McClane)Sense
97.7%
Bruce Willis (John McClane)Pulp
97.1%
Alan Rickman (Hans Gruber)Looking
95.4%
Paul Gleason (Dwayne Robinson)Good
92.7%
Alan Rickman (Hans Gruber)Thieves
92.3%
Bruce Willis (John McClane)Fifth
91.4%
Paul Gleason (Dwayne Robinson)Baby
91.4%
Reginald VelJohnson (Al Powell)Dundee
91.1%
Alan Rickman (Hans Gruber)Chamber
89.9%
Alan Rickman (Hans Gruber)Sensibility
88%
Paul Gleason (Dwayne Robinson)Places
87.9%
Reginald VelJohnson (Al Powell)Hooch
87.4%
Hint Answer % Correct
William Atherton (Richard Thornburg)Last
85.9%
Bruce Willis (John McClane)Monkeys
81.6%
Bonnie Bedelia (Holly Gennaro)Innocent
74.6%
Bonnie Bedelia (Holly Gennaro)Shoot
68.7%
Reginald VelJohnson (Al Powell)Wings
64.7%
Paul Gleason (Dwayne Robinson)Breakfast
59.4%
Bonnie Bedelia (Holly Gennaro)Little
58.1%
William Atherton (Richard Thornburg)Real
30.8%
Reginald VelJohnson (Al Powell)Christmas
25.2%
William Atherton (Richard Thornburg)Locust
12.3%
Bonnie Bedelia (Holly Gennaro)Lives
11.2%
William Atherton (Richard Thornburg)Sugarland
6.3%

Today's Daily Dose

You're not logged in!

Compare scores with friends on all Sporcle quizzes.
OR
Log In
Forgot?

From the Vault

A Dozen Fox Sitcom Characters

by ghcgh

What if we started measuring sitcom characters in baker's dozens?
Remove Ads.
Support Sporcle.
Get the best of Sporcle when you Go Orange. This ad-free experience offers more features, more stats, and more fun while also helping to support Sporcle. Thank you for becoming a member.

Show Comments

Extras

Top Quizzes Today


Score Distribution

Your Account Isn't Verified!

In order to create a playlist on Sporcle, you need to verify the email address you used during registration. Go to your Sporcle Settings to finish the process.

Report this User

Report this user for behavior that violates our Community Guidelines.

Details: